Word Ladder: 1959 Miles Quiz Stats

 Plays Quiz Updated Feb 25, 2018

Challenge
Share
Tweet
Embed
Score 0/38 Timer 04:00
0 Plays Today
Hint Answer % Correct
Flour grinding factoryMILL
95.3%
Connery, Astin, or Bean, e.g.SEAN
94.8%
Center of the earthCORE
92.9%
Fabric junctionSEAM
92.8%
Chimney residueSOOT
92.4%
Gentle, tenderMILD
92.1%
Desi's LucilleBALL
91.7%
AchySORE
91.5%
Organize by typeSORT
91.5%
FootwearSHOE
91%
A terrible thing to wasteMIND
90.2%
♪ Pianist Evans ♪♪ BILL ♪
89.9%
Hair untanglerCOMB
87.2%
Buck, bird, or snap followerSHOT
86.8%
Decorative pillowcaseSHAM
86.8%
Israel's first kingSAUL
84.5%
Ring-tailed masked mammalCOON
84.2%
George Michael and Andrew RidgeleyWHAM!
81.7%
Movie megaflopBOMB
80.3%
Hint Answer % Correct
Howl of griefWAIL
80%
Dark cloud or coveringPALL
79.9%
♪ Bassist Chambers ♪♪ PAUL ♪
79.5%
Pause momentarilyWAIT
79.5%
Benefit or blessingBOON
79.4%
Fabric wind catcherSAIL
78.7%
♪ Miles Davis album: ____ of [Rung 40] ♪♪ KIND ♪
78.5%
♪ First track: 'So ____' ♪♪ WHAT ♪
75.8%
Hell's Angel's HarlowJEAN
74.9%
Foolish, stupid personBOOB
74.5%
Karate Kid's ElisabethSHUE
70.1%
♪ Saxophonist Coltrane ♪♪ JOHN ♪
69.8%
'The Maid of Orléans'JOAN
68.6%
Smallest particleWHIT
68.6%
Chief economic advisor GaryCOHN
64.2%
♪ Miles Davis album: [Rung 1] of ____♪ BLUE ♪
40.4%
To turn or swing aboutSLUE
38.4%
♪ Drummer Jimmy ♪♪ COBB ♪
24.6%
NASA's Explorer 66 COBE
23.6%

Today's Daily Dose

Missing Word
New England Movies

Word Ladder
Royal Titles

Get the Picture
Big 4 'B' All-Stars

You're not logged in!

Compare scores with friends on all Sporcle quizzes.
OR
Log In

You Might Also Like...

Show Comments

Extras

Top Quizzes Today


Score Distribution

Your Account Isn't Verified!

In order to create a playlist on Sporcle, you need to verify the email address you used during registration. Go to your Sporcle Settings to finish the process.

Report this User

Report this user for behavior that violates our Community Guidelines.

Details: